00700 2200181 4500245008300000020002200083250001100105100002000116700001500136650001900151005001900170260004100189041001400230084001000244300002900254500022600283336000900509 a99 Pesan Positif untuk Jiwa-jiwa yang Insecure dan FlopcMalik al MughishText a978-623-5269-15-3 aCet. 2 aMalik al Mughis aEsti Utami aMotivasi Islam a20241023150636 aSemarangbSyalmahat Publishingc2023 aIndonesia a297.5 aviii, 232 hlm. :c20 cm. aBuku ini berisi petikan 99 ayat dan hadits atau nasihat-nasihat para sahabat, tabi'in, maupun ulama lainnya yang mengajak kita untuk tetap bersemangat dalam menjalani hidup, seberapa pun kepahitan hidup yang kita rasakan. atext